02792nam a2200349 a 450000100100000000500170001000800410002702000180006804000250008608200230011110000360013424501240017025000110029426000450030530000210035049000170037150000570038850000740044550512170051959000270173665000340176365000360179765000240183365000660185770000550192383000260197891000370200495201360204195201210217795201270229899900170242500004676720250217092805.0180322s2016 dr 000 0 spa d a9789945903935 aDO-SdBNPbspacBNPHU a270.82bJ91s, 20161 aJuanes, Benignod1916-2009944210aServidores y equipo responsable en los grupos de oración /cP. Benigno Juanes, S.J. ; presentación Juan F. Pepén. a5a ed. aSanto Domingo :bAmigo del Hogar,c2016. a254 p. :b22 cm.1 aTorrentesv4 aGuía para la renovación carismática católica aIncluye referencias bibliográficas y notas al pie de las páginas.0 aPara construir una autentica reunión de oración : orientaciones generales --tPara construir una autentica reunión de adoración : actuación general del servidor --tPara construir una autentica reunión de oración : puntos fundamentales --tPara construir una autentica reunión de oración --tSugerencias a los servidores respecto de sí mismo --tSugerencias a los servidores respecto de los grupos de oración --tSugerencias a los servidores respecto a los párrocos: La párroquía y su inserción en ella --tEl equipo de servidores en el grupo de oración --tLa misión del equipo de servidores del grupo de oración --tSugerencias al responsable frente a los demás servidores del grupo de oración --tDificultades y problemas en los grupos de oración y la actuación del servidor --tLa reunión fuerte y la reunión débil en los grupos de oración : actuación del servidor --tComo discernir el estado del grupo de oración en orden a revitalizarlo --tRevitalización de los grupos de oración : evaluación de los servidores --tRevitalización de los grupos de oración --tEvaluación de los grupos de oración --tLos problemas entre responsables -- aInventariado, 2018 /LP 4aMovimiento carismático9666 4aRenovación carismática9667 0aVida cristiana9668 4aGrupos de oraciónxBautistas, iglesia católica, etc.96691 aPepén, Juan F. q (Juan Felix)epresent.913174 0aTorrentes ;n4934333 aValidado. Control de calidad MFF 001054708DSaGRbGRcHDd2018-03-22iLF1l0o270.82 J91s, 2016p46767-30r2020-06-25te. 3w2020-06-25yLFDSZPréstamo en sala 0010718PDaPDbPDcHDd2018-03-22iLF1l0o270.82 J91s, 2016p46767-10r2020-06-25w2020-06-25yLFPDZNo se presta 0010718PDaPDbPDcHDd2018-03-22iLF1l0o270.82 J91s, 2016p46767-20r2020-06-25te. 2w2020-06-25yLFPDZNo se presta c46256d46256